000 00574nam a22001937a 4500
003 OSt
005 20140310182349.0
008 130928t xxu||||| |||| 00| 0 eng d
050 _aBS 551.2
_b.D45 1995
082 _aGS 220.9505
_bD36 1995
100 _aDelval, Marie-Helene
_922087
245 _aBible for children /
_cMarie-Helene Delval.
260 _aFrance :
_bReader's Digest Young Families,
_c1995.
300 _a165 p :
_bcol. ill. ;
_c29 cm.
650 _aBible stories.
_910553
650 _aBible. English.
_922088
942 _2lcc
_cBK-GS
999 _c12305
_d12305